| 000 | 01296cad a22002295a 4500 | ||
|---|---|---|---|
| 001 | L159673 | ||
| 008 | 120615s2016 xxk 000 0 eng d | ||
| 035 | _a(Sirsi) u159673 | ||
| 041 | 0 | _aeng | |
| 110 | 1 | _aCBRE | |
| 245 | 0 | 0 |
_aHow global is the business of retail? _b2016 _h[electronic resource] |
| 250 | _a9th ed. | ||
| 260 |
_aLondon _bCBRE _c2016 |
||
| 505 | 2 | _aIntroduction -- Global retail footprint -- Hot markets for new entrants -- Global ranking -- Outlook -- Appendices -- Rankings -- Contacts | |
| 520 | _aAnalyses the operational networks of 334 leading international retailers across 61 countries, covering the vast majority of the world economy. The focus of this edition is threefold. To map the footprint of leading global retailers at country level and 191 of the world's largest cities. To examine the extent to which retailers have expanded their global operations in 2015. To provide a definitive benchmark against which to measure future changes in the global retail environment. | ||
| 590 | _aNTK KA | ||
| 650 | 2 | 4 | _aRETAIL |
| 651 | 4 | _aInternational | |
| 690 |
_aCommercial property _96227 |
||
| 856 | 4 | 0 |
_uhttps://www.cbre.co.uk/research-and-reports/How-Global-is-the-Business-of-Retail-2016-1 _zView the report at www.cbre.co.uk/research-and-reports |
| 942 | _n0 | ||
| 999 |
_c116084 _d116084 |
||